Son de mar / (Registro nro. 8541)
[ vista simple ]
| 000 -LIDER | |
|---|---|
| fixed length control field | 00719cam a2200265 a 4500 |
| 001 - NÚMERO DE CONTROL | |
| Identificador de número de control | 000005310 |
| 003 - IDENTIFICACDOR DE NÚMERO DE CONTROL | |
| control field | DO-SdBPM |
| 005 - DATE AND TIME OF LATEST TRANSACTION | |
| control field | 20250110101039.0 |
| 007 - CAMPOS FIJOS DE DESCRIPCIÓN FÍSICA | |
| fixed length control field | 000005310 |
| 008 - ELEMENTOS DE LONGITUD FIJA | |
| fixed length control field | 990517s2005 sp 000|1 spa |
| 020 ## - ISBN | |
| International Standard Book Number | 8495501112 |
| 040 ## - FUENTE DE CATALOGACIÓN | |
| Agencia que crea de manera original el registro | DO-SdBPM |
| Idioma de catalogación | spa |
| Agencia que realiza la transcripción | BPMSU |
| 082 #4 - NÚMERO DE CLASIFICACIÓN DECIMAL DE DEWEY | |
| Classification number | 863.6 |
| Item number | V632s, 2005 |
| Edition number | 22 |
| 100 1# - ASIENTO PRINCIPAL -- NOMBRE PERSONAL | |
| Nombre personal | Vicent, Manuel, |
| Fechas asociadas con el nombre | 1936- |
| 245 10 - MENCIÓN DE TITULO | |
| Título | Son de mar / |
| Mención de responsabilidad | Manuel Vicent. |
| 250 ## - MENCIÓN DE EDICION | |
| Mención de edición | 10a ed. |
| 260 ## - PUBLICACIÓN, DISTRIBUCIÓN, ETC. (PIE DE IMPRENTA) | |
| Lugar de publicación, distribución, etc | Madrid : |
| Nombre del editor, distribuidor, etc. | Suma de Letras, |
| Fecha de publicación, distribución, etc | 2005. |
| 300 ## - DESCRIPCIÓN FÍSICA | |
| Extensión | 304 p. ; |
| Dimensiones | 23 cm. |
| 490 1# - MENCIÓN DE SERIES | |
| Mención de serie | Punto de lectura ; |
| -- | 12/1 |
| 590 ## - NOTA LOCAL | |
| Texto de la nota local | Inventariado, 2025/VM |
| 650 #4 - ENCABEZAMIENTO DE MATERIA--TEMÁTICO | |
| Término temático o nombre geográfico como elemento de entrada | Novela española |
| 650 #4 - ENCABEZAMIENTO DE MATERIA--TEMÁTICO | |
| Término temático o nombre geográfico como elemento de entrada | Literatura española |
| 910 ## - VALIDACIÓN | |
| Validación | VMateo V. Control de calidad. BPMSU |
| 942 ## - ADDED ENTRY ELEMENTS (KOHA) | |
| Source of classification or shelving scheme | Dewey Decimal Classification |
| Koha item type | Libros |
| Withdrawn status | Lost status | Source of classification or shelving scheme | Damaged status | Not for loan | Collection code | Home library | Current library | Date acquired | Source of acquisition | Total Checkouts | Full call number | Barcode | Date last seen | Price effective from | Koha item type | Copy number |
|---|---|---|---|---|---|---|---|---|---|---|---|---|---|---|---|---|
| Dewey Decimal Classification | Colección Juvenil Dominicana | Biblioteca Pública Metropolitana Salomé Ureña | Biblioteca Pública Metropolitana Salomé Ureña | 11/04/2015 | ALFAGUARA | BPMSU CJG 863.6 V632s, 2005 | BPMSU15110045 | 11/04/2015 | 11/04/2015 | Libros | ||||||
| Dewey Decimal Classification | Colección Juvenil Dominicana | Biblioteca Pública Metropolitana Salomé Ureña | Biblioteca Pública Metropolitana Salomé Ureña | 02/08/2018 | ALFAGUARA | BPMSU CJG 863.6 V632s, 2005 | BPMSU18020098 | 02/08/2018 | 02/08/2018 | Libros | e.2 |